Top 20 Poorest Countries - Statistics

General Stats
  • This quiz has been taken 89 times
    53 since last reset
  • The average score is 14 of 20
Answer Stats
$ Answer % Correct
$225 Somalia
90%
$1,602 South Sudan
90%
$822 Central African Republic
86%
$849 D. R. Congo
86%
$727 Burundi
83%
$1,106 Niger
81%
$1,826 Togo
81%
$1,414 Liberia
74%
$1,240 Malawi
74%
$1,690 Sierra Leone
74%
$2,280 Yemen
74%
$2,077 Burkina Faso
71%
$1,060 Eritrea
69%
$1,878 Haiti
67%
$2,016 Guinea-Bissau
64%
$1,303 Mozambique
60%
$2,095 Afghanistan
52%
$1,699 Madagascar
52%
$2,138 Kiribati
24%
$2,303 Solomon Islands
19%
No matching quizzes found
Score Distribution
Percent of People with Each Score
Percentile by Number Answered
Your Score History
You have not taken this quiz since the last reset